Synthesis of 14Cand 3H-labelled 3- indolylacetyl-aspartic

Elmentve itt :
Bibliográfiai részletek
Szerzők: Sirokmán Ferenc
Köves Erzsébet
Baláspiri Lajos
Dokumentumtípus: Cikk
Megjelent: 1974
Sorozat:Acta physica et chemica 20 No. 1-2
Kulcsszavak:Természettudomány, Kémia, Fizika
Online Access:http://acta.bibl.u-szeged.hu/23898
LEADER 00731nab a2200205 i 4500
001 acta23898
005 20210601151141.0
008 161017s1974 hu o 0|| eng d
022 |a 0001-6721 
040 |a SZTE Egyetemi Kiadványok Repozitórium  |b hun 
041 |a eng 
100 1 |a Sirokmán Ferenc 
245 1 0 |a Synthesis of 14Cand 3H-labelled 3- indolylacetyl-aspartic  |h [elektronikus dokumentum] /  |c  Sirokmán Ferenc 
260 |c 1974 
300 |a 125-127 
490 0 |a Acta physica et chemica  |v 20 No. 1-2 
695 |a Természettudomány, Kémia, Fizika 
700 0 1 |a Köves Erzsébet  |e aut 
700 0 1 |a Baláspiri Lajos  |e aut 
856 4 0 |u http://acta.bibl.u-szeged.hu/23898/1/phys_chem_020_fasc_001_002_125-127.pdf  |z Dokumentum-elérés